A Model for the Use of Design in Product Innovation
Zavedenie novej úlohy pre dizajn - hľadanie alternatívnych spôsobov, ako prispieť k prechodu k udržateľnej spoločnosti. Dizajnéri a ich príležitosť ovplyvniť, ako produkty ovplyvnia životné prostredie a spoločnosť počas celého ich životného cyklu. Dopad využitia dizajnu pri inovácii produktov na eko...
Salvato in:
| Autore principale: | |
|---|---|
| Altri autori: | |
| Natura: | Capitolo di libro |
| Lingua: | inglese |
| Soggetti: | |
| Tags: |
Nessun Tag, puoi essere il primo ad aggiungerne!!
|
MARC
| LEADER | 00000naa$a2200000$$$4500 | ||
|---|---|---|---|
| 001 | 0288261 | ||
| 005 | 20240502083920.9 | ||
| 041 | 0 | |a eng | |
| 044 | |a HR | ||
| 245 | 1 | 0 | |a A Model for the Use of Design in Product Innovation |c Renáta Ševčíková, Ľubica Knošková |
| 520 | |a Zavedenie novej úlohy pre dizajn - hľadanie alternatívnych spôsobov, ako prispieť k prechodu k udržateľnej spoločnosti. Dizajnéri a ich príležitosť ovplyvniť, ako produkty ovplyvnia životné prostredie a spoločnosť počas celého ich životného cyklu. Dopad využitia dizajnu pri inovácii produktov na ekonomickú výkonnosť firiem. | ||
| 610 | 2 | 0 | |a dizajn |
| 610 | 2 | 0 | |a inovácia výrobkov |
| 610 | 2 | 0 | |a udržateľnosť |
| 610 | 2 | 0 | |a ochrana prostredia životného |
| 610 | 2 | 0 | |a výkonnosť podniku |
| 610 | 2 | 0 | |a analýza regresná |
| 610 | 2 | 0 | |a analýza faktorová |
| 610 | 2 | 0 | |a Slovensko |
| 100 | 1 | |a Ševčíková, Renáta, 1982- | |
| 700 | 1 | |a Knošková, Ľubica, 1965- | |